000 00829nam a2200265 i 4500
001 14986
003 ES-MaACL
005 20240223164014.0
007 t|
008 991124s1998 sp ||||1| spa d
020 _a84-7658-547-0
080 _a929 Jiménez Lozano, José (049.3)
100 1 _aJiménez Lozano, José.
_966552
245 1 4 _aUna estancia holandesa
_b: conversación /
_cJosé Jiménez Lozano y Gurutze Galparsoro.
250 _a1ª ed.
260 _aBarcelona :
_bAnthropos,
_c1998.
300 _a151 p. ;
_c20 cm.
490 1 _aFondo editorial de autor
600 1 4 _aJiménez Lozano, José-
_vEntrevistas.
_966554
700 1 _aGalparsoro, Gurutze.
_953671
830 0 _aFondo editorial de autor
_9179703
852 _aES-MaACL
_jL-22236
_bR.127055
942 _2udc
999 _c14986
_d14986